Popular Movies by Poster XIII - Statistics

General Stats
  • This quiz has been taken 1,075 times
  • The average score is 10 of 16
Answer Stats
Picture Answer % Correct
Spider-Man
99%
The Lego Movie
97%
Twilight
90%
Inside Out
88%
Guardians of the Galaxy
87%
Monsters University
81%
Jurassic World
80%
300
72%
Bird Box
72%
Star Wars Episode VIII: The Last Jedi
58%
Taken
47%
American Sniper
46%
Fury
42%
The Last Samurai
38%
Amadeus
24%
Lone Survivor
12%
No matching quizzes found
Score Distribution
Percent of People with Each Score
Percentile by Number Answered
Your Score History
You have not taken this quiz